000 00320nam a2200097Ia 4500
005 20250424112924.0
008 250424s9999 xx 000 0 und d
300 _a355 p. : ill. ; 23 cm.
650 _aInternational trade--Periodicals. Commerce--Periodicals. International economic relations--Periodicals.
942 _cSR
999 _c37898
_d37898